| 000 | 00855 a2200181 4500 | ||
|---|---|---|---|
| 003 | Nust | ||
| 005 | 20230209090021.0 | ||
| 020 | _a1850657114 | ||
| 040 | _cNust | ||
| 082 | _a954.035,HAR | ||
| 100 |
_aHardiman, David _9108752 |
||
| 245 |
_aGandhi in His Time And Ours / _cDavid Hardiman |
||
| 260 |
_aLondon _bHurst And Co |
||
| 300 | _a334:p | ||
| 505 | _aIntroduction : The Gandhi Dialogic (Page-1), An Incorporative Nationalism (Page-12), Dialogic Resistance (Page-39), An Alternative Modernity (Page-66), Father of the Nation (Page-94), Dalit and Adivasi Assertion (Page-123), Fighting Religious Hatreds (Page-156), Gandhi an Activism in India After Independence (Page-198), Gandhi’s Global Legacy (Page-238), The Moral Activists Lonely Path to Martyrdom (Page-294). | ||
| 650 |
_aGandhi in His Time _9108753 |
||
| 942 |
_2ddc _cBK _k954.035,HAR |
||
| 999 |
_c187473 _d187473 |
||